Top 15 Naruto Characters(My opinion) - Statistics

General Stats
  • This quiz has been taken 410 times
  • The average score is 11 of 15
Answer Stats
Hint Answer % Correct
1 Naruto
100%
2 Sasuke
99%
8 kakashi
96%
15 sakura
90%
10 Itachi
88%
5 Madara
84%
11 Minato
79%
6 Obito
79%
4 Hashirama
74%
12 Tobirama
68%
13 nagato
62%
14 hiruzen
59%
9 orochimaru
58%
3 Kaguya
53%
7 Might guy
33%
No matching quizzes found
Score Distribution
Percent of People with Each Score
Percentile by Number Answered
Your Score History
You have not taken this quiz